Správa a riadenie rizík v poisťovni a vykázanie týchto informácií v účtovnej závierke diplomová práca

Gespeichert in:
Bibliographische Detailangaben
1. Verfasser: Hrehová, Viktória
Körperschaft: Fakulta hospodárskej informatiky EU. Katedra účtovníctva a audítorstva
Weitere Verfasser: Meluchová, Jitka, 1965-
Format: Buch
Sprache:Slowakisch
Veröffentlicht: Bratislava 2018
Tags: Tag hinzufügen
Keine Tags, Fügen Sie das erste Tag hinzu!

MARC

LEADER 00000nbm a2200000 4500
001 0243625
005 20181108091238.6
041 0 |a slo 
044 |a SK 
245 1 0 |a Správa a riadenie rizík v poisťovni a vykázanie týchto informácií v účtovnej závierke  |b diplomová práca  |c Viktória Hrehová ; školiteľ: Jitka Meluchová 
264 1 |a Bratislava  |c 2018 
300 |a 94 s. 
100 1 |a Hrehová, Viktória 
700 1 |a Meluchová, Jitka, 1965- 
710 2 |a Fakulta hospodárskej informatiky EU. Katedra účtovníctva a audítorstva